000 02437cam a22003615a 4500
005 2009062207487.0
008 090324s2009 ii a b 001 0 eng
010 _aENG-94183
020 _a9780415492867
_c595.00
035 _aEN-77716
035 _aB-361868-873
037 _bDBAD / PUB
037 _bUppal Book Store
040 _adpl
_bEnglish
082 _a302.231
245 _aThe digitized imagination /
_cedited by Nalini Rajan
260 _aNew Delhi
_bRoutledge
_c2009
270 _a912-915 Tolstory House, 15-17 Tolstoy Marg
_bNew Delhi
_e110001
300 _avi, 175 p. :
_bill. ;
_c23cm(Hb)
500 _aIncludes bibliographical references and index
650 _aDigital media
_xSocial aspects
_zIndia.
650 _aInformation technology
_xSocial aspects
_zIndia.
700 _aRajan, Nalini
942 _2ddc
_cEN
_mDIG
_h302.231
999 _c27773
_d27773